[Event "Unterfranken-ch HA 57th"]
[Site "Prichsenstadt"]
[Date "2006.04.17"]
[Round "1"]
[White "Blum, Gregor"]
[Black "Arens, Johannes"]
[Result "0-1"]
[WhiteElo "1063"]
[BlackElo "1686"]
[PlyCount "98"]
[EventDate "2006.04.17"]
[EventType "swiss"]
[EventRounds "9"]
[EventCountry "GER"]
[SourceTitle "EXT 2015"]
[Source "ChessBase"]
[SourceDate "2014.11.20"]
[SourceVersion "1"]
[SourceVersionDate "2014.11.20"]
[SourceQuality "1"]

1. Nf3 Nf6 2. Nc3 d5 3. Ne5 e6 4. d4 Nbd7 5. Bg5 Be7 6. f4 h6 7. Bh4 Nxe5 8. Bxf6 Bxf6 9. dxe5 Be7 10. Nb5 Bd7 11. Nd4 c5 12. Nf3 Qa5+ 13. c3 Qb6 14. e3 Qxb2 15. Qc1 Qxc1+ 16. Rxc1 0-0 17. c4 dxc4 18. Bxc4 b5 19. Bd3 Bc6 20. Rd1 Rfd8 21. 0-0 Rd7 22. Be4 Rxd1 23. Bxc6 Rxf1+ 24. Kxf1 Rb8 25. g4 b4 26. Ba4 a5 27. h4 Rd8 28. Ke2 Kf8 29. Nd2 Bxh4 30. Nc4 Be7 31. Nxa5 Ra8 32. Bb3 Rxa5 33. f5 exf5 34. gxf5 Ra8 35. e6 fxe6 36. fxe6 g5 37. e4 h5 38. e5 Rc8 39. Kd3 h4 40. Bd5 Rd8 41. Ke4 Rxd5 42. Kxd5 h3 43. a4 bxa3 44. Kc6 h2 45. Kd7 h1Q 46. Kc7 a2 47. Kc8 a1Q 48. Kc7 Qa7+ 49. Kc8 Qha8# 0-1